ბათუმის შოთა რუსთაველის სახელმწიფო უნივერსიტეტის ბიბლიოთეკა

ჩანაწერი Personal Name

ჩანაწერთა რაოდენობა, რომელიც გამოყენებულია: 2

001 - CONTROL NUMBER

  • control field: 6130

003 - CONTROL NUMBER IDENTIFIER

  • control field: GE_BSU

005 - DATE AND TIME OF LATEST TRANSACTION

  • control field: 20200115153548.0

008 - FIXED-LENGTH DATA ELEMENTS

  • fixed length control field: 200115|| aca||aabn | a|a d

040 ## - CATALOGING SOURCE

  • Original cataloging agency: GE_BSU
  • Transcribing agency: GE_BSU

100 ## - HEADING--PERSONAL NAME

  • Personal name: სტალინი ი.ბ.

670 ## - SOURCE DATA FOUND

  • Source citation: Work cat.: (GE_BSU)41251: ტაკიძე, არჩილ 6129, იოსებ სტალინი /